Computer programming and numerical analysis: (Record no. 186137)

MARC details
000 -LEADER
fixed length control field 00738nam a2200217Ia 4500
005 - DATE AND TIME OF LATEST TRANSACTION
control field 20230726144058.0
008 - FIXED-LENGTH DATA ELEMENTS--GENERAL INFORMATION
fixed length control field 210716s2003 xx 000 0 und d
020 ## - INTERNATIONAL STANDARD BOOK NUMBER
International Standard Book Number 9788173714517
040 ## - CATALOGING SOURCE
Transcribing agency AIMIT LIBRARY
041 ## - LANGUAGE CODE
Language code of text/sound track or separate title eng
082 ## - DEWEY DECIMAL CLASSIFICATION NUMBER
Classification number 005.1
Edition number 1
Item number DATN
100 ## - MAIN ENTRY--PERSONAL NAME
Personal name Datta,N.
9 (RLIN) 128454
245 ## - TITLE STATEMENT
Title Computer programming and numerical analysis:
Remainder of title integrated approach /
Statement of responsibility, etc. By N Datta.
250 ## - EDITION STATEMENT
Edition statement 1st ed.
260 ## - PUBLICATION, DISTRIBUTION, ETC.
Place of publication, distribution, etc. New Delhi :
Name of publisher, distributor, etc. Universities Press ,
Date of publication, distribution, etc. 2003.
300 ## - PHYSICAL DESCRIPTION
Extent xi,501p. ;
Other physical details PB
Dimensions 24 cm.
650 ## - SUBJECT ADDED ENTRY--TOPICAL TERM
Topical term or geographic name entry element Expressions and assignment statements
9 (RLIN) 128455
650 ## - SUBJECT ADDED ENTRY--TOPICAL TERM
Topical term or geographic name entry element Files and general input/output statements
9 (RLIN) 128456
650 ## - SUBJECT ADDED ENTRY--TOPICAL TERM
Topical term or geographic name entry element Solution of systems of linear equations
9 (RLIN) 128457
942 ## - ADDED ENTRY ELEMENTS (KOHA)
Source of classification or shelving scheme Dewey Decimal Classification
Koha item type Book
Edition 1st ed.
Call number prefix 005.1 DATN
Holdings
Withdrawn status Lost status Source of classification or shelving scheme Damaged status Not for loan Collection code Home library Current library Source of acquisition Cost, normal purchase price Inventory number Total Checkouts Full call number Barcode Date last seen Cost, replacement price Price effective from Koha item type
    Dewey Decimal Classification     MCA St Aloysius Institute of Management & Information Technology St Aloysius Institute of Management & Information Technology Premier Bookshop 350.00 Bill no:403/; Bill dt:2004-02-02   005.1 DATN MCA05645 07/21/2025 280.00 07/16/2021 Book
    Dewey Decimal Classification     MCA St Aloysius Institute of Management & Information Technology St Aloysius Institute of Management & Information Technology Knowledge World 495.00 Bill no:1467; Bill dt:2012-07-21   005.1 DATN MCA12853 07/21/2025 371.25 07/16/2021 Book